000
00317nam a2200145Ia 4500
100
_a
Iyengar/S.R.K/ Jain/R.K
650
_a
Mathematics
942
_c
BK
366
_f
20
245
_a
Mathematical Methods
260
_b
Narosa Publication House
_c
2006
082
_a
515/IYE
_b
IYE
546
_a
ENGLISH
999
_c
31233
_d
31233